| Tag |
First Indicator |
Second Indicator |
Subfields |
| LEADER |
00000cam a2200000 a 4500 |
| 001 |
in00000071310 |
| 005 |
20151008062145.0 |
| 008 |
810924s1980 ndua j 00010 eng |
| 010 |
|
|
|a 80081578
|
| 020 |
|
|
|a 0918532035
|
| 020 |
|
|
|a 0918532043 (pbk.) :
|c $8.95
|
| 035 |
|
|
|a (OCoLC)07137558
|
| 035 |
|
|
|9 AAJ9639AM
|
| 039 |
0 |
|
|a 2
|b 3
|c 3
|d 3
|e 3
|
| 040 |
|
|
|a DLC
|c DLC
|d TXA
|d UtOrBLW
|
| 049 |
|
|
|a [Curr Col] TXAM
|c [932677]
|
| 050 |
0 |
0 |
|a RM222.2
|b .B452 1980
|
| 082 |
0 |
|
|a 613.2/5
|2 19
|
| 100 |
1 |
|
|a Berg, Francie M.
|
| 245 |
1 |
0 |
|a How to lose weight the action way /
|c Francie M. Berg ; illustrated by Tim Cook.
|
| 250 |
|
|
|a Young adult/teen edition.
|
| 264 |
|
1 |
|a Hettinger, ND :
|b Flying Diamond Books,
|c [1980]
|
| 264 |
|
4 |
|c ©1980
|
| 300 |
|
|
|a 176 pages :
|b illustrations ;
|c 23 cm.
|
| 336 |
|
|
|a text
|b txt
|2 rdacontent
|
| 337 |
|
|
|a unmediated
|b n
|2 rdamedia
|
| 338 |
|
|
|a volume
|b nc
|2 rdacarrier
|
| 520 |
|
|
|a Discusses dieting problems and offers a step-by-step plan for losing weight through modifying behavior patterns in relation to food and exercise.
|
| 650 |
|
0 |
|a Weight loss
|x Psychological aspects
|x Juvenile literature.
|
| 650 |
|
0 |
|a Change (Psychology)
|x Juvenile literature.
|
| 650 |
|
0 |
|a Behavior modification
|x Juvenile literature.
|
| 650 |
|
0 |
|a Reducing exercises
|x Juvenile literature.
|
| 650 |
|
1 |
|a Weight control.
|
| 650 |
|
1 |
|a Behavior modification.
|
| 700 |
1 |
|
|a Cook, Tim.
|
| 999 |
|
|
|a MARS
|
| 999 |
f |
f |
|s 77a185a2-f48a-3d35-8f24-96235de93379
|i a21bb409-1277-38a4-8b8f-1af1a9d1e0ed
|t 0
|
| 952 |
f |
f |
|p normal
|a Texas A&M University
|b College Station
|c Sterling C. Evans Library
|d Evans: Curriculum Collection (4th floor)
|t 0
|e RM222.2 .B452 1980
|h Library of Congress classification
|i unmediated -- volume
|m A14807907420
|
| 998 |
f |
f |
|a RM222.2 .B452 1980
|t 0
|l Evans: Curriculum Collection (4th floor)
|